| 000 | 00591nam a2200205Ia 4500 | ||
|---|---|---|---|
| 003 | IN-BaIIA | ||
| 005 | 20230707112748.0 | ||
| 008 | 211028s9999 xx 000 0 eng d | ||
| 020 | _a0-8243-2016-6 | ||
| 040 | _cIIA Library | ||
| 080 |
_a047.1:523 _bARE-16 |
||
| 100 |
_aWetherill Gorge, W. _915873 |
||
| 245 | 0 |
_aAnnual review of earth and Planetary Sciences _bvol.16 _cW. Wetherill Gorge |
|
| 260 |
_aAnnual Reviews _bDirect _c1988 |
||
| 300 | _aix, 676p | ||
| 650 | _aAstronomy and Astrophysics Thesaurus | ||
| 650 | _aEarth | ||
| 650 |
_aPlanetary Sciences _97110 |
||
| 942 |
_cBK _2ddc |
||
| 999 |
_c9430 _d9430 |
||